000
00449nam a2200181Ia 4500
008
090124s9999 xx 000 0 und d
082
_b
17601
_a
5146
100
_a
भावे पु.ल.
245
_a
गुढकथा
250
_a
1
260
_c
1969
300
_a
176
600
_a
भावे पु.ल.
630
_a
गुढकथा
700
_a
भावे पु.ल.
730
_a
गुढकथा
942
_c
BOOK
999
_c
131541
_d
131541